| 000 | 01001nas a2200337 4500 | ||
|---|---|---|---|
| 001 | BR0501173 | ||
| 003 | BR-BrBNA | ||
| 005 | 20231205105228.0 | ||
| 007 | ta | ||
| 008 | 230509b bl.|||p| |||| 00| 00por d | ||
| 040 |
_aBR-BrBNA _bpor _cBiblioteca Nacional de Agricultura |
||
| 041 | _a(Pt) | ||
| 072 | _aF30; H20; F02 | ||
| 100 | 1 | _aBordignon, R. | |
| 100 | 1 | _aMedina Filho, H.P. | |
| 100 | 1 | _aMuller, G.W. | |
| 100 | 1 | _aSiqueira, W.J. | |
| 245 | 1 | _aA tristeza dos citros e suas implicações no melhoramento genético de porta-enxertos | |
| 650 | _aCITRUS | ||
| 650 | _aFRUTA CÍTRICA | ||
| 650 | _aTRISTEZA CÍTRICA | ||
| 650 | _aPULGÃO | ||
| 650 | _aTRANSMISSÃO DE DOENÇA | ||
| 650 | _aPORTA ENXERTO | ||
| 650 | _aMUDA | ||
| 650 | _aMELHORAMENTO GENÉTICO VEGETAL | ||
| 650 | _aVARIEDADE RESISTENTE | ||
| 773 | 0 |
_tBragantia (Brazil) _xISSN 0006-8705 _g(Sep-Dec 2003), v. 62(3) p. 345-355 _wBR0501173 |
|
| 909 |
_a202311 _bLúcia _c55 _dLúcia Elande |
||
| 942 |
_2AGRIS _n0 _cANA |
||
| 999 |
_c181878 _d181878 |
||